| 000 | 00880nam a22001937a 4500 | ||
|---|---|---|---|
| 003 | DO-CoUTE | ||
| 005 | 20260520124346.0 | ||
| 008 | 260520b dr ||||| |||| 00| 0 spa d | ||
| 040 |
_aDO-CoUTE _bspa _cDO-CoUTE |
||
| 082 | _aRD 370.97293D295 | ||
| 110 | 1 |
_aSecretaría de Estado de Educación Superior, Ciencias y Tecnologia _eAutor |
|
| 245 | 1 | 0 |
_aForo Presidencial por la Excelencia de la Educación, situación y perspectivas de los departamentos de registros d la universidad y las IES / _cSecretaría de Estado de Educación Superior, Ciencias y Tecnologia |
| 260 |
_aSanto Domingo, República Dominicana : _bEditoras de colores, _c2006 |
||
| 300 |
_a52 Paginas : _c22cm, |
||
| 504 | _a Incluye referencia bibliográfica e índice. | ||
| 650 | 4 | _aForo | |
| 710 | 1 |
_aSecretaría de Estado de Educación Superior, Ciencias y Tecnologia _eAutor |
|
| 942 |
_2ddc _cBK |
||
| 999 |
_c24205 _d24205 |
||